Паровые турбины высокого давления Ленинградского металлического завода. Конструкция и обслуживание

書目詳細資料
主要作者: Тубянский Л. И. Лев Израилевич
其他作者: Френкель Л. Д. Леонид Давыдович
語言:俄语
出版: Москва, Госэнергоиздат, 1956
版:2-е изд., испр. и доп.
主題:
格式: 圖書
KOHA link:https://koha.lib.tpu.ru/cgi-bin/koha/opac-detail.pl?biblionumber=70974

MARC

LEADER 00000nam0a2200000 4500
001 70974
005 20231031082156.0
035 |a (RuTPU)RU\TPU\book\75546 
090 |a 70974 
100 |a 20041203d1956 k y0rusy50 ca 
101 0 |a rus 
102 |a RU 
105 |a a z 001zy 
200 1 |a Паровые турбины высокого давления Ленинградского металлического завода. Конструкция и обслуживание  |f Л. И. Тубянский, Л. Д. Френкель 
205 |a 2-е изд., испр. и доп. 
210 |a Москва  |c Госэнергоиздат  |d 1956  |a Ленинград 
215 |a 404 с.  |c ил.  |e 14 отд. л. черт. 
320 |a Библиогр.: с. 404. 
610 1 |a паровые турбины 
610 1 |a конструкции 
610 1 |a обслуживание 
610 1 |a тепловые процессы 
610 1 |a теория 
610 1 |a расчеты расхода тепла 
610 1 |a турбостроение 
610 1 |a теплотехника 
610 1 |a водяной пар 
610 1 |a турбоустановки 
675 |a 621.165  |v 3 
700 1 |a Тубянский  |b Л. И.  |g Лев Израилевич 
701 1 |a Френкель  |b Л. Д.  |g Леонид Давыдович 
801 1 |a RU  |b 63413507  |c 20041203  |g PSBO 
801 2 |a RU  |b 63413507  |c 20101011  |g PSBO 
942 |c BK